00557nam a2200193Ia 4500008004100000020001800041050001600059100001900075245004000094245002200134260001500156260001200171260000900183300001600192300002000208300001000228999001900238952010600257170918s9999 xx 000 0 und d a9780446575904 bH161ev 2011 aHale, Benjamin 4aThe evolution of Bruno Littlemore / cby Benjamin Hale. aNew York : bTwelve, c2011 a578 pages : billustrations ; c22cm. c343612d343612 001040aSSISMbSSISMd2017-09-18l0oFIC H161ev 2011pSSISM2684r2017-09-18 00:00:00w2017-09-18yBK